01133pab a2200133 454500008004000000100002400040245006300064260000900127300001200136520077100148650004500919650001500964773002000979180718b2000 xxu||||| |||| 00| 0 eng d aSangmi, Mohi-ud-din aCorporate governance in India - a 21st century perspective c2000 ap.55-76 aCorporate governance is a buzz word in the business and corporate circles nowadays. A company is now considered a social institution, interacting with the society in many ways and affecting its citizens. This institution should be governed in a rational manner, is the concern of all concious citizens - shareholders, employees, creditors, customers and government. With the onset of new millennium corporate governance has been debated with added dimensions, the world over including India. In this paper, an attempt has been made to analyse the corporate governance practices in India and signal the organisations with the new challenges of the 21st century that would have a direct or indirect bearing on the corporate governance of Indian corporate. - Reproduced aFinancial markets - India - 21st century aManagement aBusiness Review